| LEADER |
00792nam0a2200205 450 |
| 001 |
16820707 |
| 010 |
|
|
|a 978-2-915831-76-4
|b br.
|d 16
|
| 100 |
|
|
|a 20130116d2013 u u0frey01 ba
|
| 101 |
1 |
|
|a fre
|c rum
|
| 102 |
|
|
|a FR
|
| 200 |
0 |
|
|a Chaosmos
|f Magda Carneci
|g traduit du roumain par Linda Maria Baros
|
| 207 |
|
1 |
|a
|
| 210 |
|
|
|a Clichy (Hauts-de-Seine)
|c Ed. de Corlevour
|d 2013
|
| 215 |
|
|
|a 80 p.
|d 20 x 15 cm
|
| 330 |
|
|
|a Des textes qui explorent simultanément l'aspect chaotique, fragmentaire, de la réalité, et d'autre part son aspect ordonné, intégré.
|
| 700 |
|
0 |
|a Cârneci
|b Magda
|4 70
|
| 702 |
|
0 |
|a Baros
|b Linda Maria
|4 730
|
| 900 |
|
|
|a Documentaire
|
| 901 |
|
|
|a Accessible au prêt
|
| 995 |
|
|
|a BD 13
|b 156
|c Bibliothèque
|f 00156008488215
|h 00156008488215
|k POE 859 CAR
|o p
|q a
|r az
|e BD 13
|